9->Katowice Sądowa - Statystyki

Ogólne statystyki
  • Ten quiz został rozwiązany 8 razy
  • Średni wynik to 30 z 33
Statystyki odpowiedzi
Miasto Przystanek % Poprawnych
Katowice Brynów Centrum Przesiadkowe
100%
Katowice Brynów Dworska
100%
Katowice Brynów Różyckiego
100%
Katowice Katowice AWF
100%
Katowice Katowice AWF
100%
Katowice Katowice Dworzec
100%
Katowice Katowice Dworzec
100%
Katowice Katowice Mikołowska
100%
Katowice Katowice Mikołowska
100%
Katowice Katowice Sądowa
100%
Katowice Katowice Sądowa
100%
Katowice Ochojec Sadowa
100%
Katowice Ochojec Szpital
100%
Katowice Ochojec Ziołowa
100%
Katowice Ochojec Ziołowa
100%
Katowice Brynów Kopalnia Wujek
88%
Katowice Ligota Ośrodek Zdrowia
88%
Katowice Ligota Panewnicka
88%
Katowice Ligota Poleska
88%
Katowice Ochojec Wapienna
88%
Katowice Piotrowice Dworzec PKP
88%
Katowice Piotrowice Fabryka Maszyn
88%
Katowice Piotrowice Fabryka Maszyn
88%
Katowice Piotrowice Osiedle
88%
Katowice Piotrowice Skrzyżowanie
88%
Katowice Stara Ligota Stroma
88%
Katowice Stara Ligota Załęska
88%
Katowice Brynów Kościuszki
75%
Katowice Brynów Rzepakowa
75%
Katowice Brynów Wincentego Pola
75%
Katowice Brynów Wincentego Pola
75%
Katowice Katowice Mikołowska Sąd
75%
Katowice Park Zadole
75%
Nie znaleziono quizów pasujących do podanych kryteriów
Rozkład punktacji
Procent ludzi z każdym wynikiem
Percentyl według liczby udzielonych odpowiedzi
Twoja historia wyników
Nie rozwiązałeś tego quizu